000 00428nam a2200169Ia 4500
008 131103s9999 xx 000 0 und d
040 _aLoreto College
041 _aEnglish
082 _a891.433/RAG
_bLCLIB/26307
100 _aRaghab,Rangeya
245 _aProfessor
_cRangeya Raghab
260 _aDelhi
_bRajpal and Sons
_c1976
300 _a112 p.
_c 18 cm.
650 _aHindi - Fiction
850 _aLCLIB
942 _cBK
999 _c18882
_d69361